LEADER 01342pam a2200325 u 4500 001 000000007209 003 CaOOAMICUS 005 20070226104947.0 008 940514s it u000 u ita u 020 $a8820917785 035 $a10187319 040 $aPUL(R)$bita 041 1 $aita$heng 100 1 $aJaki, Stanley L.,$cO.S.B.$0(OLS)http://pul/name/7307 240 10$aGod and the cosmologists.$lItaliano.$0(OLS)http://pul/title/10582 245 10$aDio e i cosmologi /$cStanley L. Jaki ; traduzione di Maria Luisa Gozzi. 260 $aCittā del Vaticano :$bLibreria editrice vaticana,$c1991. 300 $a237 p. ;$c22 cm 490 1 $aScienza e fede ;$v7 650 4$aDio$xEsistenza$xProve.$0(OLS)http://pul/subject/403 650 4$aCosmologia.$0(OLS)http://pul/subject/526 700 1 $aGozzi, Maria Luisa.$0(OLS)http://pul/name/7308 830 0$aScienza e fede ;$v7.$0(OLS)http://pul/title/10584 850 $aPUL 852 $aPUL$W1$xSL Filosofia 1$y2$m96 D 55$j10168$nBK-PRI$b $qStampati$B10168$CPULBib$Z2$F10168 $H $81 941 1 $a8 961 $aINV: 72360 996 $6020$a8820917785$9(OLS)http://pul/number/9343 996 $6245$aDio e i cosmologi$9(OLS)http://pul/title/10583 996 $6260$aCittā del Vaticano :$bLibreria editrice vaticana$9(OLS)http://pul/publisher/47920 LEADER 01900nam a2200409 u 4500 001 000000014796 003 CaOOAMICUS 005 20070226105814.0 008 940517s1989 gw u000 u ger u 020 $a3525539096 (Vandenhoeck) 020 $a3727806060 (Univ.-Verl.) 035 $a10347728 040 $aPUL$bita 100 1 $aOnuki, Takashi.$0(OLS)http://pul/name/13692 245 10$aGnosis und Stoa :$beine Untersuchung zum Apokryphon des Johannes /$cTakashi Onuki. 260 $aFreiburg, Schweiz :$bUniversitätsverlag ;$aGöttingen :$bVandenhoeck & Ruprecht,$c1989. 300 $ax, 196 p. ;$c24 cm 490 1 $aNovum Testamentum et Orbis antiquus ;$v9 500 $aComprende indici. 502 $aDiss. -- Universität Heidelberg. 504 $aBibliografia: p. 175-190. 630 04$aApocryphon Iohannis.$0(OLS)http://pul/subject/10330 650 4$aGnosticismo.$0(OLS)http://pul/subject/5833 650 4$aStoici e stoicismo.$0(OLS)http://pul/subject/5133 710 2 $aUniversität Heidelberg.$0(OLS)http://pul/name/13693 830 0$aNovum Testamentum et Orbis antiquus ;$v9.$0(OLS)http://pul/title/8030 850 $aPUL 852 $aPUL$W1$xSL Religione 1$y3$m5 S 9$j20728$nBK-PRI$b $qStampati$B20728$CPULBib$Z2$F20728 $H $81 941 1 $a8 961 $aINV: 88508 983 0$aNovum Testamentum et Orbis antiquus.$pStudien zur Umwelt des Neuen Testaments. 983 0$aNTOA. 996 $6020$a3525539096 (Vandenhoeck)$9(OLS)http://pul/number/18806 996 $6020$a3727806060 (Univ.-Verl.)$9(OLS)http://pul/number/18807 996 $6245$aGnosis und Stoa :$beine Untersuchung zum Apokryphon des Johannes$9(OLS)http://pul/title/21230 996 $6260$aFreiburg, Schweiz :$bUniversitätsverlag$9(OLS)http://pul/publisher/48308 996 $6260$aGöttingen :$bVandenhoeck & Ruprecht$9(OLS)http://pul/publisher/47973